Taylor Swift Most Streamed Songs - Statistics

General Stats
  • This quiz has been taken 52 times
  • The average score is 13 of 15
Answer Stats
Album Song % Correct
1989 Shake It Off
98%
1989 Blank Space
96%
Lover Cruel Summer
91%
Fearless Love Story
91%
reputation Look What You Made Me Do
89%
Midnights Anti-Hero
87%
Lover Lover
87%
1989 Style
84%
folklore cardigan
82%
Fearless You Belong With Me
82%
1989 Wildest Dreams
80%
folklore august
78%
1989 Bad Blood
76%
Red We Are Never Ever Getting Back Together
76%
reputation Don't Blame Me
69%
No matching quizzes found
Score Distribution
Percent of People with Each Score
Percentile by Number Answered
Your Score History
You have not taken this quiz